LEADER 01174cam0-22004331i-450- 001 990003217340403321 005 20090706144820.0 010 $a88-15-04127-3 035 $a000321734 035 $aFED01000321734 035 $a(Aleph)000321734FED01 035 $a000321734 100 $a20030910d1993----km-y0itay50------ba 101 0 $aita 102 $aIT 105 $ay-------001yy 200 1 $aTeoria dell'oligopolio$fMichele Polo 210 $aBologna$cil Mulino$d1993 215 $a386 p.$d21 cm 225 1 $a<>nuova scienza$iSerie di economia$v23 610 0 $aOligopoli$aTeoria 610 0 $aMonopoli$acartelli 610 0 $aOligopoli$aModelli matematici 676 $aI/2.122 676 $a338.82 700 1$aPolo,$bMichele$f<1957- >$089323 801 0$aIT$bUNINA$gRICA$2UNIMARC 901 $aBK 912 $a990003217340403321 952 $aI/2.122 POL$b13929$fSES 952 $a62 338.8 POL$bSPEC.NE 25$fDAGEA 952 $aXV F1 17 (23)$b30153*$fFGBC 952 $aVI A 1147$b21916$fFSPBC 959 $aSES 959 $aDAGEA 959 $aFGBC 959 $aFSPBC 996 $aTeoria dell'oligopolio$9198739 997 $aUNINA LEADER 00931cam0-2200349---450- 001 990005881840403321 005 20141106110459.0 010 $a88-221-2947-4 035 $a000588184 035 $aFED01000588184 035 $a(Aleph)000588184FED01 035 $a000588184 100 $a20000421d1998----km-y0itay50------ba 101 0 $aita 102 $aIT 105 $ay-------001yy 200 1 $aSimbolo$fSandro Briosi 210 $aScandicci (Firenze)$cLa Nuova Italia$d1998 215 $a141 p.$d20 cm 225 1 $aBiblioteca$iLetteratura$v16 610 0 $aSemiotica 610 0 $aLetteratura$aAnalisi strutturale 676 $a808.0014 676 $a302.2$v20$zit 700 1$aBriosi,$bSandro$f<1941- >$0132854 801 0$aIT$bUNINA$gRICA$2UNIMARC 901 $aBK 912 $a990005881840403321 952 $a808.001 BRI 1$bBibl.30988$fFLFBC 959 $aFLFBC 996 $aSimbolo$9563961 997 $aUNINA LEADER 02225nam 2200541 450 001 9910819566403321 005 20240131142252.0 010 $a1-4438-5221-X 035 $a(CKB)2550000001128041 035 $a(EBL)1477506 035 $a(OCoLC)860825738 035 $a(SSID)ssj0001169870 035 $a(PQKBManifestationID)11646573 035 $a(PQKBTitleCode)TC0001169870 035 $a(PQKBWorkID)11167642 035 $a(PQKB)11325093 035 $a(FINmELB)ELB147976 035 $a(MiAaPQ)EBC1477506 035 $a(EXLCZ)992550000001128041 100 $a20131107d2013 uy| 0 101 0 $aeng 135 $aur|n|---||||| 181 $ctxt 182 $cc 183 $acr 200 00$aTraumatic affect /$fedited by Meera Atkinson and Michael Richardson 210 1$aNewcastle upon Tyne, UK :$cCambridge Scholars Publishing,$d2013. 215 $a1 online resource (308 p.) 300 $aDescription based upon print version of record. 311 $a1-4438-4867-0 311 $a1-299-97424-4 320 $aIncludes bibliographical references and index. 327 $apart I. Silence -- part II. Cultures -- part III. Mediatized -- part Ivolume Embodied. 330 $aTraumatic Affect examines the intersection of trauma theory and affect theory, two areas of crucial relevance to contemporary thought. While both fields continue to offer insights into individual and collective experience, exploring their nexus offers timely and necessary critiques of film, literature, art, culture and politics.This collection of essays by established and emerging thinkers considers the dynamic relations within and between affect and trauma. Varied in style and approach, this volume asks how the relational subject conceived by affect theory might bring into question certain pr 606 $aPsychic trauma 606 $aAffect (Psychology) 615 0$aPsychic trauma. 615 0$aAffect (Psychology) 676 $a308 701 $aAtkinson$b Meera$01684330 701 $aRichardson$b Michael$0870297 801 0$bMiAaPQ 801 1$bMiAaPQ 801 2$bMiAaPQ 906 $aBOOK 912 $a9910819566403321 996 $aTraumatic affect$94055777 997 $aUNINA